South Eastern Kenya University

Library Online Public Access Catalogue


Regression analysis of count data / (Record no. 2586)

MARC details
000 -LEADER
fixed length control field 00749cam a2200193 i 4500
020 ## - ISBN
International Standard Book Number 9781107014169 (hardback)
020 ## - ISBN
International Standard Book Number 9781107667273 (paperback)
050 00 - LIBRARY OF CONGRESS CALL NUMBER
Classification Number QA278.2
Item Number .C36 2013
100 1# - MAIN ENTRY--Author
Personal name Cameron, Adrian Colin.
245 10 - TITLE
Title Regression analysis of count data /
Statement of responsibility, etc A. Colin Cameron, University of California, Davis, Pravin K. Trivedi, Indiana University, Bloomington.
250 ## - EDITIONSTATEMENT
Edition statement 2nd ed.
260 ## - PUBLICATION, DISTRIBUTION, ETC.(IMPRINT)
Place of publication, distribution, etc New York [USA] :
Name of publisher, distributor, etc Cambridge University Press,
Date of publication, distribution, etc c2013.
300 ## - PHYSICAL DESCRIPTION
Extent xxvii, 566 pages ;
-- 24 cm.
500 ## - GENERALNOTE
General note includes bibliographic references and index
650 ## - SUBJECT--TOPIC
Topical term following geographic name as entry element Regression analysis ;
-- Econometrics
700 1# - ADDED ENTRY--PERSONAL AUTHOR
Personal Name Trivedi, P. K.
856 42 - URL/ELECTRONIC LOCATION AND ACCESS
Uniform Resource Identifier <a href="http://assets.cambridge.org/97811070/14169/cover/9781107014169.jpg">http://assets.cambridge.org/97811070/14169/cover/9781107014169.jpg</a>
942 ## - ADDED ENTRY ELEMENTS(KOHA)
Koha item type General circulation
Holdings
Source of classification or shelving scheme Not for loan Location (home branch) Sublocation (holding branch) Date accessioned Cost, normal purchase price Serial Enumeration / chronology Full call number Barcode Copy number Cost, replacement price Nonpublic note Koha item type Public note
Library of Congress Classification   Main Campus Library Main Campus Library 01/09/2014 10435.04 Econometric society monographs QA278.2 .C36 2013 2021/025378 C1 10935.04 Nzk General circulation Nzk
Library of Congress Classification   Main Campus Library Main Campus Library 01/09/2014 10435.04 Econometric society monographs QA278.2 .C36 2013 2021/025377 C2 10935.04 Nzk General circulation Nzk
Kitui, Kenya.
+254736116989
library@seku.ac.ke